000 00475nam a22001817a 4500
003 OSt
005 20251202074522.0
008 251202b |||||||| |||| 00| 0 eng d
020 _a0850456851
040 _aLC
_cJCSC
050 _aDS 918
_b.T46 1986
100 _aNigel Thomas , Peter Abbott and Mike Chappell
245 _aThe korean war 1950-53 /
_cThomas N
260 _aLondon :
_bOsprey ;
_c1986.
300 _a48 pages,
650 _akorean war
942 _2lcc
_cBK
_n0
999 _c23119
_d23118